000 00739nam a22001697a 4500
020 _a9789332536609
082 _a339
100 _aArthur O,Sullivan
245 _aMacroeconomics principles,applications,and tools
250 _a8th ed.
260 _aIndia
_bDorling Kinderseley
_c2014
300 _a380p
942 _cBK
999 _c2976
_d2976